| 000 | 00842cam a22002531a 4500 | ||
|---|---|---|---|
| 999 |
_c9430 _d9430 |
||
| 001 | 9430 | ||
| 003 | BD-JhCC | ||
| 005 | 20180314120044.0 | ||
| 008 | 740910s1962 nyu b 001 0 eng | ||
| 035 |
_a(OCoLC)1002828 _a(BD-JhCC)9430 |
||
| 040 |
_aDLC _cN _dOCoLC _dMoSU-L _dDLC _dBD-JhCC |
||
| 041 | _aeng | ||
| 050 | 0 | 0 |
_aE303 _b.M41 1962 |
| 082 |
_a973.318 _bMCL 1962 |
||
| 100 | 1 |
_aMcLaughlin, Andrew C. _q(Andrew Cunningham), _d1861-1947. |
|
| 245 | 1 | 4 |
_aThe Confederation and the Constitution, 1783-1789 / _cAndrew Cunningham McLaughlin ; with new foreword by Henry Steele Commager. |
| 260 |
_aNew York : _bCollier Books, _cc1962. |
||
| 300 |
_a222 p. ; _c18 cm. |
||
| 500 | _aIncludes index. | ||
| 504 | _aBibliography: p. 208-210. | ||
| 651 | 0 |
_aUnited States _xHistory _yConfederation, 1783-1789. |
|
| 942 |
_2ddc _cBK |
||